000 00207nam a22000857a 4500
008 170116b xxu||||| |||| 00| 0 eng d
100 _92416
_aSingh.A.K.
245 _aA to Z Cricket
260 _aNew delhi
_bSET
_c2009
999 _c5454
_d5454